[Event "NED-ch52"]
[Site "Rotterdam"]
[Date "1997.06.26"]
[Round "5"]
[White "Van der Sterren, Paul"]
[Black "Timman, Jan H"]
[Result "1/2-1/2"]
[WhiteElo "2515"]
[BlackElo "2630"]
[Annotator "Ftacnik,L"]
[PlyCount "74"]
[EventDate "1997.06.21"]
[EventType "tourn"]
[EventRounds "11"]
[EventCountry "NED"]
[EventCategory "12"]
[SourceTitle "CBM 060"]
[Source "ChessBase"]
[SourceDate "1997.09.29"]
[SourceVersion "1"]
[SourceVersionDate "1997.09.29"]
[SourceQuality "1"]

1. d4 Nf6 2. c4 g6 3. Nc3 d5 4. Nf3 Bg7 5. Qb3 dxc4 6. Qxc4 O-O 7. e4 Na6 8.
Be2 c5 9. d5 e6 10. O-O exd5 11. exd5 Re8 12. Be3 Bf5 13. Rad1 Qb6 14. b3 (14.
d6 Be6 (14... h6 $5) (14... Qxb2 15. Ng5 Rf8 16. Rb1 $5 (16. Bf3 h6 17. Nge4
Nxe4 18. Nxe4 Be6 19. Qa4 Qxa2 20. Qxa2 Bxa2 21. Nxc5 $36) 16... Bxb1 17. Rxb1
b5 18. Qxf7+ Rxf7 19. Rxb2 Rd7 20. Rxb5 Rxd6 21. Bc4+ Kf8 22. Rb7 $16) 15. Qb5
h6 (15... Rad8 16. Qxb6 axb6 17. Bb5 $14) (15... Bd7 16. Qxb6 axb6 17. Nd2 Bc6
18. Nc4 Nd7 19. Nd5 Bxd5 20. Rxd5 Nb4 21. Rd2 Rxa2 22. Bg4 f5 23. Bf3 {1/2-1/2
Gulko,B-Horvath,C/Nova Gorica op 1997 (40)}) (15... Bd7) 16. Ne5 Red8 (16...
Bb3 17. Qxb3 Qxb3 18. axb3 Rxe5 19. Bf3 $16) 17. Nc4 Qxb5 (17... Bxc4 18. Qxb6
axb6 19. Bxc4 Ng4 20. h3 $14) 18. Nxb5 Nd5 19. Bc1 $1 Ndb4 (19... Nab4 20. Bf3
Rab8 21. Nc7 $14) 20. a3 Nc2 $2 (20... Nc6 $5 21. Be3 Rd7) 21. Na5 Rd7 22. Bf4
g5 23. Bg3 f5 {1-0 Beliavsky,A-Azmaiparashvili,Z/Reggio Emilia9596 1996 (32)})
14... Ng4 (14... Rxe3 15. fxe3 Ng4 16. Na4 Qd6 17. Qf4 (17. e4 $6 Bd7 18. Qc1
b5 19. Nb2 Nb4 $44 {/\} 20. Nd3 Bd4+ $1 21. Kh1 Nxa2 $17) 17... Qxf4 18. exf4
Nb4 (18... Ne3 19. Bxa6 bxa6 20. Nxc5 $16) 19. Rd2 (19. Nxc5 b6 $1 20. Nb7 Nxa2
21. Rfe1 Ne3 $13) 19... Ne3 20. Rc1 Nbxd5 (20... b6 21. Bc4 $1 Rd8 22. d6 $16)
21. Bd3 (21. Nxc5 Bc3 $1) 21... Nxf4 22. Bxf5 Nxf5 23. Nxc5 (23. Rxc5 Ne6 {
/\ Bh6-e3~/=}) 23... Bh6 {1/2-1/2 Farago,I-Kozul,Z/Montpellier-A 1989 (41)}) (
14... Rac8 15. h3 h6 16. Rd2 Red8 17. g4 Bd7 18. Ne5 Ne8 19. Qf4 Nd6 20. Nc4
Nxc4 21. Qxc4 Qa5 22. Rc1 Nb4 23. d6 Re8 24. a4 a6 25. Nd5 b5 26. axb5 axb5 27.
Qf4 Nxd5 28. Rxd5 Qa2 {1/2-1/2 Kakhiani,K-Janjgava,L/Tbilisi 1991 (32)}) 15.
Bd2 Ne5 (15... Rad8 16. Rfe1 Nb4 17. Na4 Qd6 18. Bf4 Qf8 19. Bc7 Rd7 20. d6 b6
21. Bf1 Rxe1 22. Rxe1 Nc2 23. Rd1 Nd4 24. Nxd4 cxd4 25. h3 Ne5 26. Qa6 Bc2 27.
Rxd4 Nf3+ 28. gxf3 Bxd4 29. Qc4 Be5 30. Qxc2 {1-0 Ree,H-Chandler,M/
Thessaloniki olm 1984 (60)}) 16. Nxe5 Bxe5 17. Be3 Qa5 (17... Rad8 18. Rfe1 $11
) 18. Rc1 Rac8 19. Rfd1 Nb4 (19... Red8 20. Na4 $11) 20. d6 Red8 21. Bf4 Bd4 (
21... Bxc3 $2 22. Qxc3 Nc6 (22... Qxa2 23. Bh6 $18) 23. Qf6 $18) 22. a3 Nc6 (
22... Qxa3 $6 23. Nb5 Qa2 24. Nxd4 cxd4 25. Qxb4 Qxe2 26. Qxd4 $16) 23. Nb5 (
23. Na4 $6 Ne5 24. Qb5 Qxb5 25. Bxb5 f6 $15) 23... Bb2 (23... a6 24. Nxd4 Nxd4
25. b4 Qxa3 26. bxc5 Nb3 27. Rc3 Qxc5 28. Bg5 $13) 24. Bg5 Rd7 (24... Bxc1 25.
Qxc1 $1 (25. Bxd8 Rxd8 26. Qxc1 (26. Rxc1 a6 27. Nc7 Nd4 $19) 26... a6 27. Nc7
Nd4 $19) 25... Re8 26. Qb2 $44) 25. Qxc5 Re8 (25... Bxc1 26. Qxc1 (26. Rxc1 Re8
27. b4 Qa4 28. Bf3 Re5 29. Bd5 Bd3 $19) 26... Re8 27. b4 Qa4 28. Rd2 $13) 26.
b4 Qa4 (26... Qb6 27. Qxb6 axb6 28. Be3 Bxc1 29. Rxc1 $14) 27. Bf1 Bxc1 $6 (
27... Re5 28. Rd5 Rxd5 29. Qxd5 Bxc1 30. Bxc1 Qc2 $15) 28. Qxc1 Qc2 (28... Bg4
29. f3 Bf5 30. Nc7 $40) 29. Qa1 $1 h5 30. Nc7 Re4 31. Bd3 $2 (31. Bh6 $1 Ne5
32. Nd5 Kh7 33. Bf8 $16) 31... Qxd1+ $1 32. Qxd1 Rxd6 (32... Rd4 33. Ne8 $16)
33. h3 (33. Bf6 Rxd3 34. Qxd3 Re1+ $11) 33... Rxd3 (33... Red4 34. Qe1 Rxd3 35.
Qe8+ Kg7 36. b5 $14) 34. Qxd3 Re1+ 35. Qf1 Rxf1+ 36. Kxf1 Nd4 37. Bf6 Nb5 (
37... Nb5 38. Nxb5 Bd3+ 39. Ke1 Bxb5 $11) 1/2-1/2

[Event "Drury Lane"]
[Site "London"]
[Date "1997.06.16"]
[Round "1"]
[White "Pedersen, Steffen"]
[Black "Hoffmann, Michael"]
[Result "1/2-1/2"]
[WhiteElo "2420"]
[BlackElo "2440"]
[Annotator "Ftacnik,L"]
[PlyCount "87"]
[EventDate "1997.06.16"]
[EventType "tourn"]
[EventRounds "9"]
[EventCountry "ENG"]
[EventCategory "10"]
[SourceTitle "CBM 060"]
[Source "ChessBase"]
[SourceDate "1997.09.29"]
[SourceVersion "1"]
[SourceVersionDate "1997.09.29"]
[SourceQuality "1"]

1. d4 Nf6 2. c4 g6 3. Nc3 d5 4. Nf3 Bg7 5. Qb3 dxc4 6. Qxc4 O-O 7. e4 a6 8. e5
b5 9. Qb3 Nfd7 10. Be3 c5 (10... Nb6) 11. e6 c4 (11... fxe6 12. Qxe6+ (12. dxc5
Nf6 13. Rd1 Qc7 14. h3 Nc6 15. Be2 b4 16. Na4 Na5 17. Qxb4 Nd5 18. Rxd5 Rb8 19.
Qb6 Rxb6 20. cxb6 Qc2 21. Bd1 Qc4 22. Rxa5 {1-0 Pedersen,S-Kosebay,O/
Copenhagen PC 1996 (45)}) 12... Kh8 13. Qe4 cxd4 14. Nxd4 Nc5 15. Qxa8 Bb7 16.
Qa7 Nbd7 17. Ne6 Qa5 18. Nxf8 Bxc3+ 19. Ke2 Qb4 20. bxc3 Qb2+ 21. Bd2 b4 22.
Nxd7 {1-0 Pereyra Arcija,D-Madina,M/Boca Clarin GP1 1997}) 12. exf7+ (12. Qc2
fxe6 13. h4 e5 14. O-O-O Nc6 15. Qe4 Qc7 16. Nd5 Qb7 17. h5 Nf6 18. Nxf6+ Rxf6
19. dxe5 Bf5 20. Qd5+ e6 21. Qd7 Rf7 22. Qxb7 Rxb7 23. Be2 {1-0 Moskalenko,
V-Qin Kanying/Beijing op 1991 (43)}) 12... Rxf7 13. Qd1 Nb6 14. a4 (14. Ne5 $1
Rf8 (14... Bxe5 $2 15. dxe5 Qc7 16. Qd4 $16) 15. a4 b4 (15... Bb7 16. axb5 axb5
17. Rxa8 Bxa8 18. Nxb5 N8d7 19. Nxc4 Kh8 20. h4 Bxg2 21. Bxg2 Nxc4 22. O-O Qb8
23. Nc3 Nf6 24. Bc1 {0-1 Piket,J-Polgar,J/Linares 1997 (46)}) 16. a5 {><c4} (
16. Ne4 a5 $2) 16... bxc3 17. axb6 cxb2 18. Bxc4+ Kh8 (18... e6 $5 19. Rb1 Qxb6
20. Qb3 Qxb3 21. Bxb3 Bxe5 22. dxe5 Nc6 23. Rxb2 Rb8 24. Ke2 Nxe5 25. Rc1 $44)
19. Rb1 Qxb6 20. Qd2 {/\ Rb2|^} Nd7 (20... Be6 21. Rxb2 Qd6 22. Bxe6 Qxe6 23.
O-O Nd7 {1/2-1/2 Horvath,C-Turov,M/Budapest FS11 GM 1996}) (20... Nc6 21. Nf7+
$2 Rxf7 22. Bxf7 Nxd4 $17) (20... Qf6 21. O-O Nc6 22. Bd5 Bb7 23. Qxb2 Nxd4 24.
Bxb7 Qxe5 25. Bxa8 Rxa8 26. Qb7 Rf8 27. Bxd4 Qxd4 28. Qxa6 {Iskusnyh,
S-Gavrjushin,O/RUS-Cup4 Perm 1997/1-0 (87)}) 21. Rxb2 Nxe5 $5 (21... Qf6 22. f4
$13) 22. Rxb6 Nxc4 23. Qb4 Nxb6 24. Qxb6 a5 (24... Bf5 25. Qa5 Rfb8 26. O-O $16
) 25. O-O a4 26. Ra1 Bf5 (26... a3 27. Qb3 $16) 27. h4 e6 (27... Bf6 28. Bh6 $1
Rfb8 $2 29. Rxa4 $1) (27... Bc2 $5 28. Qc7 Bb3 29. Qxe7 Rfd8) 28. Bf4 Be4 29.
Bd6 Rfc8 30. Qb5 {1-0 Karpov,A-Kamsky,G/Fide-Wch (Elista) 1996 (40)}) 14... Bb7
(14... b4 15. Ne4 a5 16. Ne5 Rf8 17. Nxc4 Nd5 18. Be2 Nxe3 19. fxe3 e5 20. Nxe5
Bb7 21. Bc4+ Kh8 22. Qg4 Bxe5 23. dxe5 Nd7 24. Nd6 Nxe5 25. Qd4 Qf6 26. Rf1 Qg7
27. Bb3 Bxg2 28. Rxf8+ Rxf8 29. O-O-O {1/2-1/2 Portisch,L-Ribli,Z/HUN-ch
Budapest 1971 (41)}) 15. Ng5 $6 Rf5 16. h4 (16. Ne6 Qd6 17. Nxg7 Kxg7 $11)
16... Nd5 17. axb5 Nxc3 $6 (17... axb5 $1 18. Rxa8 Bxa8 19. Ne6 Nxe3 20. Qe2 (
20. fxe3 Qd6 21. Nxg7 Qg3+ 22. Kd2 Kxg7 $17) 20... Nxg2+ 21. Bxg2 Qa5 22. Nxg7
Rf7 23. Bxa8 Qa1+ 24. Qd1 Qxa8 25. d5 Rxg7 $17) 18. bxc3 axb5 19. Ne6 Rxa1 20.
Qxa1 (20. Nxd8 $2 Rxd1+ 21. Kxd1 Bd5 $19) 20... Qd6 21. Nxg7 Kxg7 22. Qb1 Qe6
23. h5 Be4 (23... gxh5 24. Bxc4 $1 Qxc4 25. Qxf5 Qxc3+ 26. Ke2 Qc4+ 27. Qd3 $16
) 24. Qb2 (24. Qd1 gxh5 25. Rxh5 Bf3 $1 26. Rxf5 Bxd1 27. Rg5+ Kf7 28. Kxd1 Qa6
$17) 24... gxh5 25. Be2 Nd7 26. Bxh5 $6 (26. Rxh5 Rxh5 27. Bxh5 Bxg2 28. Qxb5
$11) 26... Bxg2 27. Rh2 (27. Rg1 Rxh5 28. Rxg2+ Kf7 $15) 27... Qe4 28. Bd1 Bf3
(28... Bf1 $2 29. Kxf1 Qxe3 30. Bc2 $14) 29. Bc2 Qg4 30. Qb1 (30. Bxf5 $2 Qg1+
31. Kd2 Qd1#) 30... Rh5 (30... Qg1+ 31. Kd2 Qxb1 (31... Qxh2 32. Bxf5 Nf6 33.
Qxb5 Qg1 34. Qb1 $11) 32. Bxb1 Rh5 33. Rxh5 Bxh5 34. Bf5 $11) 31. Rxh5 Qxh5 32.
Kd2 Nf6 33. Qg1+ Kf7 (33... Qg4 34. Qh2 $132) 34. Qg3 Be4 35. Bd1 Qf5 36. Qg5
Qxg5 $6 (36... h5 $5 37. Qh4 (37. f3 Bb1 38. Qxf5 Bxf5 39. Bg5 Kg6 40. Bh4 Bd3
$17) 37... Bd3 $17) 37. Bxg5 Kg6 38. Bh4 h5 (38... Bd3 39. Bf3 $11) 39. Ke3 Bc6
40. Bc2+ Kg7 41. Bg5 Bg2 (41... Nd5+ 42. Kd2 Bd7 43. Be4 $11) 42. Bf5 Kf7 43.
f3 e6 44. Be4 1/2-1/2

[Event "EU-ch 5th"]
[Site "Antalya"]
[Date "2004.05.20"]
[Round "5"]
[White "Van der Stricht, Geert"]
[Black "Petrosian, Tigran L"]
[Result "0-1"]
[WhiteElo "2450"]
[BlackElo "2539"]
[Annotator "Ftacnik,L"]
[PlyCount "88"]
[EventDate "2004.05.15"]
[EventType "swiss"]
[EventRounds "13"]
[EventCountry "TUR"]
[SourceTitle "CBM 101"]
[Source "ChessBase"]
[SourceDate "2004.07.27"]
[SourceVersion "1"]
[SourceVersionDate "2004.07.27"]
[SourceQuality "1"]

1. d4 Nf6 2. c4 g6 3. Nc3 d5 4. Nf3 Bg7 5. Qb3 dxc4 6. Qxc4 O-O 7. e4 a6 8. e5
b5 9. Qb3 Nfd7 10. h4 c5 11. e6 c4 12. Qd1 Nb6 13. exf7+ Rxf7 14. h5 Nc6 15.
hxg6 hxg6 16. Be3 Nd5 {Unusual move in a fashionable sharp Gruenfeld position.
Petrosian moves again the wandering knight and white immediately tries to open
up the queenside.} 17. a4 Rb8 18. axb5 axb5 19. Bh6 Nf4 (19... Bg4 20. Bxg7
Bxf3 21. Rh8+ Kxg7 22. Rxd8 Bxd1 23. Rxb8 Nxb8 24. Nxd5 Bb3 25. Nc7 Nc6 26.
Nxb5 Rf5 27. Na3 Nxd4 28. Rc1 Rf8 29. Bxc4 {1-0 Babula,V-Ftacnik,L/Czechia
1997/ (48)}) 20. Bxg7 Kxg7 (20... Rxg7 21. Qd2 (21. Nxb5 Qd5 22. Qc1 Qe6+ 23.
Kd2 Rxb5 24. Bxc4 Rd5 25. g3 Nxd4 26. Bxd5 Nxf3+ 27. Bxf3 Qd6+ 28. Kc3 Qc5+ $19
) 21... Qd6 22. Rh4 Rf7 23. Kd1 $16) 21. g3 Ne6 {Black has not an easy life,
since the knight doesn't have a good square for his retreat. The king on g7 is
vulnerable and the position seems to be quite dangerous.} (21... Nd3+ 22. Bxd3
cxd3 23. Qxd3 Nb4 24. Qd2 Rxf3 25. Qh6+ Kf7 26. Qh7+ Kf6 27. Ne4+ Ke6 (27...
Kf5 28. Qf7+ Kxe4 29. Rh4+ $18) 28. Ng5+ Kd5 29. Nxf3 $18) (21... Nd5 22. Bg2
Ndb4 23. Qd2 $16) 22. d5 Nb4 (22... Nc5 23. Ng5 Rf5 24. Rh7+ Kg8 25. dxc6 Qc7
26. Qd4 Qe5+ 27. Qe3 Rxg5 28. Rxe7 $18) 23. Be2 (23. dxe6 $5 Qxd1+ 24. Rxd1
Rxf3 25. Rd8 Rf6 26. Ne4 Rxe6 27. f3 Ra8 28. Rhh8 $14) 23... Rxf3 (23... Nf8
24. Ne5 Rf5 25. f4 $16) 24. Bxf3 Nd3+ 25. Kf1 Qf8 (25... Ng5 26. Bg2 b4 27. Na4
$16) 26. dxe6 Bb7 27. Kg2 {[%mdl 1024] Van der Strich must have believed, that
he is dreaming. Out of desperation black was ready to sacrifice the whole rook
for some chances of an attack.} (27. Rh2 Bxf3 28. Qd2 Qf5 29. Qh6+ Kf6 30. Qe3
$16) 27... b4 28. Nb1 (28. Na4 Qf6 29. Rf1 Nxb2 30. Nxb2 Rd8 31. Qe2 Rd2 32.
Qe3 $18) 28... Qf6 29. Qe2 (29. Nd2 Rf8 30. Rf1 Nxb2 31. Qe2 $18) 29... Qg5 $1
30. Qe3 (30. Ra5 $6 Nf4+ $1 (30... Qxa5 31. Bxb7 Rxb7 32. Qf3 Qf5 33. Qxb7
Qxf2+ 34. Kh3 Qf5+ 35. g4 Qxe6 36. Qf3 $16) 31. Kf1 Nxe2 32. Rxg5 Bxf3 $17)
30... Qxe3 31. fxe3 Bxf3+ 32. Kxf3 Rf8+ 33. Kg2 {Despite reduced material
white must be careful as there were many false roads.} (33. Ke4 Nf2+ 34. Kd5
Nxh1 35. Kxc4 Nxg3 36. Kxb4 Rb8+ 37. Kc3 Kf6 $11) (33. Ke2 $2 Rf2+ 34. Kd1
Nxb2+ 35. Ke1 Nd3+ 36. Kd1 c3 $1 $19) 33... Rf2+ 34. Kh3 Rxb2 35. Rf1 c3 36.
Rf7+ Kh6 37. Rxe7 $6 {White misses a clear win with a help of knight sacrifice.
} (37. Nxc3 $1 bxc3 38. Rxe7 Nf2+ 39. Kg2 Ne4+ 40. Kf3 Nd2+ 41. Kf4 $18) 37...
Nf2+ 38. Kg2 (38. Kh4 $4 g5#) 38... Ne4+ 39. Kf3 c2 40. Rc7 $2 (40. Na3 $1 bxa3
41. Kxe4 Rb1 42. Rc7 Rxa1 43. Rxc2 Kg7 44. Rf2 Rb1 45. Rf7+ Kg8 46. Ra7 $18)
40... Ng5+ 41. Kg4 Nxe6 42. Rc6 $2 {It is never late to lose the winning
position. With a collection of omissions white finally succeded in doing just
that.} (42. Rxc2 Rxc2 43. Ra8 Rb2 44. Rh8+ Kg7 45. Rh1 Rc2 $17) 42... Rxb1 43.
Raa6 b3 44. Rc3 c1=Q 0-1

[Event "Tilburg Fontys"]
[Site "Tilburg"]
[Date "1996.10.23"]
[Round "11"]
[White "Karpov, Anatoly"]
[Black "Leko, Peter"]
[Result "1-0"]
[WhiteElo "2775"]
[BlackElo "2630"]
[Annotator "Ftacnik,L"]
[PlyCount "57"]
[EventDate "1996.10.11"]
[EventType "tourn"]
[EventRounds "11"]
[EventCountry "NED"]
[EventCategory "16"]
[SourceTitle "CBM 056"]
[Source "ChessBase"]
[SourceDate "1997.02.01"]
[SourceVersion "1"]
[SourceVersionDate "1997.02.01"]
[SourceQuality "1"]

1. d4 Nf6 2. c4 g6 3. Nc3 d5 4. Nf3 Bg7 5. Qb3 dxc4 6. Qxc4 O-O 7. e4 a6 8. e5
Nfd7 9. Be3 (9. Bg5 Nb6 10. Qc5 Re8 11. Be2 Be6 12. O-O N8d7 13. Qb4 c6 14. Ne4
f6 15. Bh4 Bd5 16. Bd3 a5 17. Qc3 Rf8 18. exf6 exf6 19. Rfe1 g5 20. Bg3 Bxe4
21. Bxe4 f5 22. Qb3+ Kh8 23. Bc2 f4 24. Qd3 Nf6 25. Nxg5 fxg3 26. hxg3 {
Vladimirov,E-Tseshkovsky,V/Alma Ata (07)/1989/1-0 (52)}) 9... Nb6 10. Qc5 $1 (
10. Qd3 Nc6 11. Be2 Bf5 (11... Nb4 12. Qd2 c5 13. O-O cxd4 14. Bxd4 Nc6 15. Qe3
Nxd4 16. Nxd4 Nd5 17. Nxd5 Qxd5 18. f4 Qc5 19. Rac1 Qb6 20. Nf5 Qxe3+ 21. Nxe3
f6 22. Nd5 fxe5 23. Nxe7+ Kh8 24. Nxc8 Raxc8 {1/2-1/2 Karpov,An-Leko,P/Vienna 
(08) 1996}) 12. Qd2 Nb4 13. Rc1 c5 14. dxc5 Qxd2+ 15. Nxd2 Nd7 16. f4 Nc2+ 17.
Rxc2 Bxc2 18. Nf3 Bf5 19. Nd4 Rad8 20. g4 Be6 21. Nxe6 fxe6 22. Ne4 Bh6 23. g5
Bg7 24. Bc4 {1-0 Moskalenko,V-Mohr,S/Budapest Cansys (10)/1991 (44)}) 10... Be6
(10... f6 11. Rd1 Bg4 12. Be2 N8d7 13. Qb4 Qc8 14. Qb3+ Kh8 15. e6 Nb8 16. d5
Nxd5 17. Qxd5 Bxe6 18. Qd2 c5 19. O-O Nd7 20. Nd5 {1-0 Neidhardt,C-Koerner,H/
OLHessen 9192/1992/ (34)}) (10... Bg4 $5) 11. Ng5 Bf5 (11... N8d7 $5 12. Nxe6
fxe6 13. Qa3 Nd5 14. Ne4 $14) 12. Be2 Kh8 $2 (12... N8d7 13. Qa3 h6 14. Nge4
$14) 13. g4 Bc8 14. O-O-O f6 15. Nge4 (15. exf6 exf6 16. Nge4 N8d7 17. Qa3 f5
$132) 15... f5 (15... fxe5 16. dxe5 N8d7 17. Qa5 Bxe5 18. h4 $40) 16. gxf5 Bxf5
(16... gxf5 17. Ng5 h6 $140 18. Nh3 $16) 17. h4 (17. Bg5 $5 Na4 $5 18. Nxa4 (
18. Qxe7 $2 Nxc3 19. Nxc3 Qxe7 20. Bxe7 Bh6+ 21. Rd2 Nc6 22. Bxf8 Rxf8 $36)
18... Bxe4 19. f3) 17... N8d7 18. Qa3 Nd5 $5 19. Ng5 (19. Nxd5 $2 Bxe4) 19...
N7b6 (19... Nxe3 $2 20. fxe3 h6 21. e4 $1 hxg5 22. hxg5+ Kg8 23. exf5 $18) (
19... Nxc3 20. bxc3 h6 21. Qb3 $1 $16) 20. h5 $1 {White pieces are not perfect,
but opening of the h line against the king is always dangerous. Die weißen
Figuren stehen nicht optimal, aber die Öffnung der h-Linie gegen den König ist
immer gefährlich.} Nxe3 (20... Nxc3 21. bxc3 gxh5 22. Rxh5 $16) 21. fxe3 Bh6 (
21... e6 22. Nce4 Bh6 23. hxg6 Bxg5 24. Nxg5 Qxg5 25. Rdg1 $18) 22. Nce4 Qd7 (
22... Qe8 23. hxg6 Qxg6 24. Rdg1 $16) (22... e6 23. hxg6 $1) 23. hxg6 Qc6+ (
23... Bxg5 24. Rxh7+ Kg8 25. Nxg5 Qc6+ 26. Qc5 Qxg6 27. Rxe7 Qxg5 28. Bc4+ $18)
24. Kd2 Qxg6 (24... Bxe4 25. Rxh6 (25. Nxe4 Qxg6 26. Rdg1 Qxe4 27. Rxh6 $16)
25... Qc2+ 26. Ke1 Bxg6 27. Qxe7 Nd5 28. Qa3 $16) 25. Rdg1 {The concentration
of white pieces on the kingside becomes critical. Die Konzentrierung der
weißen Figuren am Königsflügel ist jetz kritisch geworden.} Rad8 (25... Bxe4
26. Nxe4 Qxe4 27. Rxh6 Rf7 28. Qd3 $16) (25... Nd5 26. Bf3 Rad8 27. Qb3 $16)
26. e6 $1 Rxd4+ (26... Bxe6 27. Qxe7 Bxa2 (27... Rde8 28. Qxh7+ Qxh7 29. Nxh7
$18) 28. Nxh7 $1 Rxd4+ 29. Ke1 $18) (26... Bxe4 27. Nf7+ Qxf7 28. exf7 Bxh1 29.
Qxe7 $1 Bg7 30. Rxh1 $18) 27. exd4 Bxe4 28. Rxh6 $1 Qxh6 29. Qe3 (29. Qe3 Nc4+
(29... Qf6 30. Qxe4 $18) 30. Bxc4 Qh2+ 31. Ke1 $18) 1-0

[Event "Lyon zt"]
[Site "Lyon"]
[Date "1990.??.??"]
[Round "6"]
[White "Meulders, Richard"]
[Black "Miralles, Gilles"]
[Result "0-1"]
[WhiteElo "2320"]
[BlackElo "2460"]
[Annotator "Ftacnik,L"]
[PlyCount "48"]
[EventDate "1990.04.??"]
[EventType "tourn"]
[EventRounds "13"]
[EventCountry "FRA"]
[EventCategory "8"]
[SourceTitle "CBM 018"]
[Source "ChessBase"]
[SourceDate "1990.10.01"]
[SourceVersion "1"]
[SourceVersionDate "1990.10.01"]
[SourceQuality "1"]

1. d4 Nf6 2. c4 g6 3. Nc3 d5 4. Nf3 Bg7 5. Qb3 dxc4 6. Qxc4 O-O 7. e4 Na6 8.
Be2 c5 9. d5 e6 10. O-O exd5 11. exd5 Re8 12. Rd1 Qb6 13. Qb5 $6 Bd7 14. Qxb6
axb6 15. Kf1 (15. Bb5 Nb4) 15... Nb4 16. a3 Ne4 $1 17. Bd2 (17. Nxe4 Rxe4 18.
Rb1 Rae8 $1 19. Rd2 Rxe2 20. Rxe2 Bb5 $19) 17... Nc2 18. Ra2 (18. Rac1 $5)
18... Nxd2+ 19. Rxd2 Nxa3 $1 20. d6 $6 (20. Bd3) 20... Nb1 $1 21. Rc2 (21. Rxa8
Nxd2+ 22. Nxd2 Rxa8 $19) 21... Nxc3 22. Rxa8 (22. bxc3 $17) 22... Rxa8 23. bxc3
Ra1+ 24. Ne1 Ba4 {Ftacnik,L} 0-1

[Event "Bayamo"]
[Site "Bayamo"]
[Date "1990.??.??"]
[Round "4"]
[White "Yakovich, Yuri"]
[Black "Henao, Raul Fernando"]
[Result "1-0"]
[WhiteElo "2470"]
[BlackElo "2400"]
[Annotator "Ftacnik,L"]
[PlyCount "83"]
[EventDate "1990.04.??"]
[EventType "tourn"]
[EventRounds "13"]
[EventCountry "CUB"]
[EventCategory "8"]
[SourceTitle "CBM 018"]
[Source "ChessBase"]
[SourceDate "1990.10.01"]
[SourceVersion "1"]
[SourceVersionDate "1990.10.01"]
[SourceQuality "1"]

1. d4 Nf6 2. c4 g6 3. Nc3 d5 4. Nf3 Bg7 5. Qb3 dxc4 6. Qxc4 O-O 7. Bf4 Na6 8.
e4 c5 9. dxc5 Be6 10. Qb5 Bd7 11. Qxb7 Nxc5 12. Qb4 Ne6 13. Be5 a5 14. Qa3 Qb6
15. Nd5 Nxd5 16. exd5 Ng5 (16... Nf4 $5 17. Bxf4 Bxb2 18. Rb1 Bc3+ 19. Qxc3
Qxb1+ 20. Qc1 Qxa2 21. Bc4 Qa4 {/\ Rfc8 ~/=; (Sokolov,I)}) 17. Bxg7 Nxf3+ 18.
Qxf3 Kxg7 19. Qc3+ Kg8 20. Bc4 Bb5 (20... e6 21. O-O (21. dxe6 Bxe6 22. O-O
Rfc8 23. b3 Bxc4 24. bxc4 Qb4 25. Rfc1 $14 (25. Qxb4 axb4 26. Rfc1 Ra3 $1 {
/\ Rc3})) 21... Rfc8 22. Qb3 Qxb3 23. axb3 $14) 21. b3 $8 Rfc8 22. O-O Bxc4 (
22... a4 23. Qd3 (23. Rac1 axb3 24. axb3 Bxc4 25. bxc4 Qc5 {/\ Ra4}) 23... Bxc4
24. bxc4) 23. bxc4 Rc5 (23... Qc5 24. Rfc1 Rab8 25. Rc2 Rb4 26. Rac1) 24. Rfd1
Rac8 25. Rd4 Rb5 (25... Qb4 26. Rc1) 26. Re1 Rb1 27. Rde4 Rb2 (27... Rxe1+ 28.
Qxe1 Qc5 29. Rxe7 Qxc4 30. d6 $18) 28. Qf3 Rc7 29. g3 Qc5 30. Rf4 f6 (30... f5
31. g4 $40) 31. Re6 Rd2 (31... Rxa2 32. d6 $1 exd6 33. Rexf6 $18) 32. Kg2 a4
33. a3 g5 $6 34. Rfxf6 $1 exf6 35. Qxf6 Rxf2+ (35... Qf8 36. Qxg5+ Rg7 37. Qxd2
) 36. Qxf2 Qxf2+ 37. Kxf2 Rxc4 38. Ke3 Rc3+ (38... Kf7 39. Kd3) 39. Kd2 Rxa3
40. d6 Kf7 41. d7 Ra2+ 42. Kd3 {Ftacnik,L} (42. Kd3 Ra1 43. Ke2 Ra2+ 44. Ke3
Ra3+ 45. Ke4 $18) 1-0

[Event "Hoogovens"]
[Site "Wijk aan Zee"]
[Date "1998.01.20"]
[Round "4"]
[White "Van der Sterren, Paul"]
[Black "Timman, Jan H"]
[Result "0-1"]
[WhiteElo "2550"]
[BlackElo "2635"]
[Annotator "Ftacnik,L"]
[PlyCount "58"]
[EventDate "1998.01.16"]
[EventType "tourn"]
[EventRounds "13"]
[EventCountry "NED"]
[EventCategory "17"]
[SourceTitle "CBM 063"]
[Source "ChessBase"]
[SourceDate "1998.03.26"]
[SourceVersion "1"]
[SourceVersionDate "1998.03.26"]
[SourceQuality "1"]

1. d4 Nf6 2. c4 g6 3. Nc3 d5 4. Nf3 Bg7 5. Qb3 dxc4 6. Qxc4 O-O 7. e4 a6 8. Be2
b5 9. Qb3 Nc6 10. e5 (10. d5 Na5 11. Qb4 c6 12. O-O (12. Be3 cxd5 13. exd5 Bb7
14. Rd1 Rc8 15. O-O Nc4 16. Bc5 Nxb2 17. Bxe7 Nxd1 18. Bxd8 Nxc3 19. Bxf6 Nxe2+
20. Kh1 Bxf6 {0-1 Scheeren,P-De Savornin Lohman,A/IBM-C 1980/ (31)}) 12... Bb7
13. Bg5 Rc8 14. dxc6 Nxc6 15. Qb3 Na5 16. Qa3 Nc4 17. Bxc4 Rxc4 18. Rad1 Qb8
19. Nd5 Rxe4 20. Nxe7+ Kh8 21. Rd6 Ra4 22. Qd3 Ne4 {0-1 Winants,L-De Boer,G/
OHRA-B 1987/ (41)}) 10... Be6 11. exf6 (11. Qc2 Nb4 12. Qd2 Nfd5 $15) 11...
Bxb3 12. fxg7 Kxg7 13. axb3 Nxd4 (13... Nb4 $6 14. O-O Nc2 15. Ra2 Nxd4 16.
Nxd4 Qxd4 17. Bf3 $13) 14. Nxd4 Qxd4 {Timman shows some courage, there pieces
are usually quite dangerous compensation for the queen. Black has two spare
pawns and white queenside is rather shatered.} 15. O-O Qb4 (15... b4 $6 16. Be3
Qe5 17. Na4) 16. Bf3 (16. Nd5 Qd6 (16... Qxb3 17. Nxc7 Rac8 18. Nxa6 $15) 17.
Rd1 Rfd8 $17) (16. Ra3 $5 c6 17. Bf3 Rfc8 18. Bd2 $15) 16... Qxb3 $1 17. Bxa8
$6 (17. Bd5 $5 Qb4 18. Bxa8 Rxa8 19. Nd5 Qd6 20. Rd1 $15) 17... Rxa8 18. Be3 (
18. Ra3 Qc4 19. Re1 b4 20. Re4 Qxe4 21. Nxe4 bxa3 22. bxa3 Rb8 $17) 18... a5 (
18... Qxb2 19. Nd5 c6 20. Rfd1 e5 (20... cxd5 $2 21. Bd4+) 21. Ne7 $15) 19.
Rfd1 a4 {Black doesn't even tries to hide his intenstions, the pawn a4 should
have some bright future.} 20. h3 $6 (20. Rd2 e5 21. Ne4 $15) 20... e5 (20...
Qxb2 21. Rab1 Qc2 22. Nxb5 $15) 21. Ne4 {xf6} (21. Rd2 $2 a3 $1 $19) 21... Qxb2
22. Bg5 Ra6 $1 23. Nc5 (23. Rab1 Qc2 24. Re1 h6 $19) 23... Rd6 (23... Rc6 24.
Rdb1 Qc2 25. Rc1 Qf5 $19) 24. Ne4 (24. Rdb1 Qe2 25. Re1 Qc4 26. Rac1 Qd4 27.
Ne4 Ra6 28. Rxc7 a3 $19) 24... Rc6 $1 (24... Rxd1+ 25. Rxd1 h6 26. Bf6+ Kh7 27.
Rd8 (27. g4 g5 28. Kg2 Qc2 $19) 27... Qb1+ 28. Kh2 g5 29. f3 Qb2 30. Rh8+ Kg6
31. Rg8+ Kf5 32. Rh8 a3 33. Rxh6 Ke6 34. Bxg5+ Kd5 35. Ra6 $15) 25. Rac1 (25.
Rab1 Qc2 26. Re1 Qd3 $17) 25... Rxc1 26. Rxc1 h6 $1 {The last problem for
black lays in the mating danger for his king.} (26... a3 $2 27. Bf6+ Kh6 (27...
Kf8 28. Rxc7 $18) 28. Bg5+ $11) 27. Bf6+ Kh7 28. Rd1 (28. Rxc7 Qb1+ 29. Kh2
Qxe4 $19) 28... g5 29. f3 a3 (29... a3 30. Rd8 a2 $19) 0-1